000 00655nam a2200229Ia 4500
001 21697
003 DO-CoUTE
005 20260204212557.0
008 220104s9999 dr 000 0 spa d
020 _a84-609-5056-5
040 _aDO-CoUTE
_bspa
_cDO-CoUTE
041 0 _aspa
082 _a641.5 F797c (CRF)
100 1 _aFabrega, Jaurme
245 1 0 _aCocinas del mundo : Francia con los platos del michel bras , jean michel lorain / Jaurme Fabrega
260 _aFrancia : Cayfosa quebecor
300 _a191 páginas
650 4 _aCocina Francesa
942 _2ddc
_cBK
999 _c20748
_d20748